| LEADER | 00408cam a2200157 7i4500 | ||
|---|---|---|---|
| 001 | 0000002416 | ||
| 005 | 19991025090000.0 | ||
| 002 | ##000003547 | ||
| 020 | 0 | 0 | |a T000003555 |
| 090 | 0 | 0 | |a 00.07 A5 392 |b QUA |
| 245 | 0 | 0 | |a Quality goods of Tokyo 1986-87. |
| 260 | 0 | 0 | |a Tokyo: |b Tokyo trade center, |c [19--]. |
| 300 | 0 | 0 | |a 79p. |
| 650 | 0 | 0 | |a Goods |
| 651 | 0 | 0 | |a Japan |
| 999 | |a 0000004056 |b Book |c Countries |e Business Information Centre | ||